Geçmişten gelen ışık (Record no. 5074)

MARC details
000 -BAŞLIK
Sabit Uzunlukta Kontrol Alanı 00864na a2200289 4500
001 - KONTROL NUMARASI
Denetim Alanı 12959
003 - KONTROL NUMARASI IDENTIFIER
Denetim Alanı MIRAKIL
005 - SON İŞLEM TARİHİ VE ZAMANI
Denetim Alanı 20181213155026.0
008 - SABİT-BOY VERİ ELEMANLARI - GENEL BİLGİLER
Sabit Uzunlukta Kontrol Alanı 160928b tu 000 0
020 ## - ULUSLARARASI STANDART KİTAP NUMARASI
Uluslararası Standart Kitap Numarası 9786058664906
035 ## - SİSTEM KONTROL NUMARASI
Sistem Kontrol Numarası 12959
040 ## - KATALOGLAMA KAYNAK
Orijinal Kataloglama Ajansı Milas
Kataloglama Dili tur
Metne Dönüştürmek Ajansı TR-AnCHP
082 ## - DEWEY ONLU SINIFLANDIRMA NUMARASI
Sınıflandırma Numarası 338.632
Ürün Numarası T64a 2012
090 ## - SINIFLAMA NUMARASI
Sınıflama Numarası 338 T64a 2012
100 ## - ANA GİRİŞ - KİŞİSEL İSİM
Kişisel Ad Tokgöz, Zübeyir
245 ## - BAŞLIK TABLOSU
Başlık Geçmişten gelen ışık
Başlığın Kalan Ahi Evran ve ahilik sistemi
Sorumluluk Tablosu, Vb Zübeyir Tokgöz
246 ## - UNVAN FORM VARYING
Başlık Doğru / Kısa Başlığı Ahi Evran ve ahilik sistemi
260 ## - YAYIN, DAĞITIM, VB
Yayın, Dağıtım, Vb Yeri Ankara
Yayıncı, Dağıtıcı, Vs Adı [yayl. y.]
Yayın, Dağıtım, Vb Tarihi 2012
300 ## - FİZİKSEL TANIM
Kapsam 92 s.
Diğer Fiziksel Ayrıntıları res.
Boyutlar 22x25 sm.
504 ## - KAYNAKÇA VB NOT
Kaynakça Vb Notu Kaynakça var.
600 ## - KONU KATMA GİRİŞ - KURUMSAL ADI
Kişisel Ad Ahi Evran
Başlıklar Ve Bir Adla İlişkili Diğer Kelimeler Bilge
Bir Adıyla İlişkilendirilen Tarihler 1171-1261
Genel Alt Bölümü Yaşamöyküsü
650 ## - KONU KATMA GİRİŞ - TOPİKAL DÖNEM
Topikal Süreli Veya Coğrafi Ad Giriş Elemanı Ahilik
650 ## - KONU KATMA GİRİŞ - TOPİKAL DÖNEM
Topikal Süreli Veya Coğrafi Ad Giriş Elemanı Loncalar
Genel Alt Bölümü Ahilik
Kronolojik Alt Bölümü Tarih
Coğrafi Alt Bölümü Türkiye
650 ## - KONU KATMA GİRİŞ - TOPİKAL DÖNEM
Topikal Süreli Veya Coğrafi Ad Giriş Elemanı Lonca sistemi
Genel Alt Bölümü Ahilik
Kronolojik Alt Bölümü Osmanlı dönemi
650 ## - KONU KATMA GİRİŞ - TOPİKAL DÖNEM
Topikal Süreli Veya Coğrafi Ad Giriş Elemanı Esnaf birlikleri
Genel Alt Bölümü Ahiler
942 ## - EKLENDİ GİRİŞ ELEMANLARI (KOHA)
Sınıflandırma Veya Raf Düzeni Kaynak Dewey Decimal Classification
Koha Öğesi Türü Books
999 ## - SİSTEM KONTROL NUMARALARI (KOHA)
Koha Biblionumber 5074
Koha Biblioitemnumber 5074
Holdings
Kalıcı Konum Mevcut Konum Edinme Tarihi Edinim Kaynak Toplam Check-Out'Lar Tam Çağrı Numarası Barkod Tarih Son Görülme İtibaren Geçerli Fiyatlar Koha Öğesi Türü
CHP Kütüphanesi CHP Kütüphanesi 08/03/2016 Bağış   338 T64a 2012 000603 08/03/2016 08/03/2016 Books